01402nam a2200253 a 4500001001000000005001700010008004100027041000800068044000700076084002100083100004500104245011000149260006000259300002200319500023500341500011900576500020400695500001200899650005200911650005600963650003401019650004501053740005001098BRCA_240620190320203808.0121108s1719----be-a---###---#000-0#spa-u aspa abe a047b.V474c17191 aCervantes Saavedra, Miguel ded1547-161610aVida y hechos del Ingenioso Hidalgo Don Quixote de la Manchaccompuesto por Miguel de Cervantes Saavedra. aAmberes (Bélgica)bHenrico y Cornelio Verdussenc1719 a2 v.bil.c17 cm. aContenido : v 1. Prólogo del autor. Versos preliminares. Aprovación para la edición de Valencia y suma del Privilegio. Texto. -- v 2. Prólogo del autor. Aprovaciones. Licencia y privilegio de la edición príncipe. Texto aEdición : Nueva edición corregida y ilustrada con 32 diferentes estampas muy donosas y apropiadas a la materia aCopia de las ediciones de 1697 y 1719, respectivamente, de los mismos editores con iguales láminas. Lomo encuadernado en piel con adornos y letras dorados. Ejemplar bien conservado Lúdovik Osterc aQMR 11214aNovela españolayÉpoca clásica, 1500-170014aLiteratura españolayÉpoca clásica, 1500-170014aNovela españolaySiglo XVII14aDon Quijote (Personaje ficticio)eNovela0 aEl Ingenioso Hidalgo Don Quijote de la Mancha